Name A London Underground Station A-Z - Statistics

General Stats
  • This quiz has been taken 45 times
  • The average score is 16 of 22
Answer Stats
Letter Station % Correct
W Waterloo, Westminster, Whitechapel + more
89%
C Camden Town, Canary Wharf, Charing Cross + more
86%
E Ealing Broadway, Earl's Court, Euston + more
86%
K Kilburn, King's Cross St Pancras, Knightsbridge + more
86%
A Acton Town, Angel, Archway + more
83%
B Baker Street, Bank, Brixton + more
83%
L Leicester Square, Liverpool Street, London Bridge + more
81%
H Hammersmith, Highbury & Islington, Holborn + more
78%
M Mile End, Monument, Moorgate + more
78%
P Paddington, Picadilly Circus, Pimilico + more
78%
S Sloane Square, South Kensington, Stratford + more
78%
F Farringdon, Finchley Road, Finsbury Park + more
75%
U Upminster, Upton Park, Uxbridge + more
72%
V Vauxhall, Victoria
72%
G Gloucester Road, Golders Green, Green Park + more
69%
O Old Street, Oval, Oxford Circus + more
69%
T Tottenham Court Road, Tottenham Hale, Tower Hill + more
69%
Q Queen's Park, Queensbury, Queensway
67%
R Rayners Lane, Richmond, Russell Square + more
64%
N North Acton, North Greenwich, Notting Hill Gate + more
56%
D Dagenham East, Dagenham Heathway, Dollis Hill + more
33%
I Ickenham
31%
No matching quizzes found
Score Distribution
Percent of People with Each Score
Percentile by Number Answered
Your Score History
You have not taken this quiz